Cuộc đời và sự nghiệp của Albert Einstein

Nội dung của sách viết về cuộc đời và sự nghiệp của Albert Einstein, nhà vật lý học Đức, cha đẻ của Thuyết tương đối

Shranjeno v:
Bibliografske podrobnosti
Glavni avtor: Albert Einstein (1879-1955)
Format: Knjiga
Jezik:Undetermined
Izdano: Hà Nội Văn Hóa 1997
Teme:
Oznake: Označite
Brez oznak, prvi označite!
Thư viện lưu trữ: Trung tâm Học liệu Trường Đại học Cần Thơ
LEADER 00738nam a2200181Ia 4500
001 CTU_22239
008 210402s9999 xx 000 0 und d
082 |a 530.11092 
082 |b E35 
100 |a Albert Einstein (1879-1955) 
245 0 |a Cuộc đời và sự nghiệp của Albert Einstein 
245 0 |c Albert Einstein (1879-1955) 
260 |a Hà Nội 
260 |b Văn Hóa 
260 |c 1997 
520 |a Nội dung của sách viết về cuộc đời và sự nghiệp của Albert Einstein, nhà vật lý học Đức, cha đẻ của Thuyết tương đối 
650 |a einstein - biography,physicists - biography 
980 |a Trung tâm Học liệu Trường Đại học Cần Thơ